La organización del espacio y del tiempo en el centro educativo /

Guardado en:
Autor Principal: Domènech, Joan
Otros Autores: Viñas, Jesús
Formato: Libro
Publicado: Barcelona : Graó, 1998
Edición:2a. ed.
Series:Biblioteca de Aula, No. 123
Materias:
Etiquetas: Agregar Etiqueta
Sin Etiquetas, Sea el primero en etiquetar este registro!
LEADER 00904nam a22002655a 4500
001 CEM.cems010248
005 20080530100255.0
008 130507s1998##################000#0#####d
003 CEMS
020 |a 8478271775 
082 0 4 |a 371.2 
100 1 |a Domènech, Joan 
245 1 0 |a La organización del espacio y del tiempo en el centro educativo /  |c Joan Domènech, Jesús Viñas 
250 |a 2a. ed. 
260 |a Barcelona :  |b Graó,  |c 1998 
300 |a 152 p. 
490 0 |a Biblioteca de Aula, No. 123 
505 0 |a El espacio y el tiempo como recursos -- El espacio educativo -- El tiempo 
653 |a Administración escolar 
653 |a Biblioteca profesional docente 
653 |a Espacio educativo 
700 1 |a Viñas, Jesús 
859 |a CEMS  |b BIB. CEMS - 11 de abril  |h 371.2  |i D712  |p 20158.98  |t Ej.1 
859 |a CEMS  |b BIB. CEMS - 11 de abril  |h 371.2  |i D712  |p 20159.98  |t Ej.2 
859 |a CEMS  |b BIB. CEMS